<?xml version="1.0" encoding="UTF-8"?>
<marc:record xmlns:marc="http://www.loc.gov/MARC21/slim">
   <marc:leader>00000nam a2200000 a 4500</marc:leader>
   <marc:datafield ind1="1" ind2=" " tag="100">
      <marc:subfield code="a">Sassen, Mia</marc:subfield>
      <marc:subfield code="4">aut</marc:subfield>
      <marc:subfield code="e">Verfasser/-in</marc:subfield>
   </marc:datafield>
   <marc:datafield ind1="0" ind2="0" tag="245">
      <marc:subfield code="a">Plötzlich mächtig</marc:subfield>
   </marc:datafield>
   <marc:datafield ind1="0" ind2="0" tag="245">
      <marc:subfield code="b">Roman</marc:subfield>
   </marc:datafield>
   <marc:datafield ind1="0" ind2="0" tag="245">
      <marc:subfield code="c">Mia Sassen</marc:subfield>
   </marc:datafield>
   <marc:datafield ind1=" " ind2="1" tag="264">
      <marc:subfield code="a">Reinbek bei Hamburg</marc:subfield>
      <marc:subfield code="b">Wunderlich</marc:subfield>
   </marc:datafield>
   <marc:datafield ind1=" " ind2=" " tag="250">
      <marc:subfield code="a">Originalausgabe, 1. Auflage</marc:subfield>
   </marc:datafield>
   <marc:datafield ind1="1" ind2=" " tag="520">
      <marc:subfield code="a">Angaben aus der Verlagsmeldung

Plötzlich mächtig Sassen, Plötzlich mächtig / von Mia Sassen

Mit Macht ins Glück

Den ganzen Tag nur Statistiken berechnen - das kann auf Dauer ganz schön öde sein. Deshalb ergreift die kleine Angestellte Jule Meyer nur zu gern die Gelegenheit, für ihre musikalische Schwester einzuspringen und mit ihrer Ukulele und dem "Frollein-Orchester" nach Mexiko zu reisen. Und was für einen Bahnhof das einladende Goethe-Institut für seine Gäste veranstaltet! Jule wird von einem ausgesprochen gutaussehenden Chauffeur abgeholt, man bringt sie in einer luxuriösen Hacienda unter, und sie hat sogar einen eigenen Koch! Bald schwant Jule: Man verwechselt sie - mit der Vorstandsvorsitzenden eines internationalen Luxuskonzerns.
Jule beginnt ihr neues Leben zu genießen. Was kann man nicht alles zum Guten verändern, wenn man mächtig ist! Sie darf bloß nicht auffliegen. Wären da nur nicht die Gefühle für ihren Chauffeur.

Der zweite Roman von Mia Sassen nach "Ziemlich mitgenommen": Eine wilde Selbstfindungstour durch Mexiko!
</marc:subfield>
   </marc:datafield>
   <marc:datafield ind1=" " ind2=" " tag="020">
      <marc:subfield code="a">9783805250917</marc:subfield>
      <marc:subfield code="9">9783805250917</marc:subfield>
   </marc:datafield>
   <marc:datafield ind1=" " ind2=" " tag="020">
      <marc:subfield code="a">3805250916</marc:subfield>
      <marc:subfield code="9">3805250916</marc:subfield>
   </marc:datafield>
   <marc:datafield ind1=" " ind2=" " tag="041">
      <marc:subfield code="a">ger</marc:subfield>
   </marc:datafield>
   <marc:datafield ind1=" " ind2=" " tag="300">
      <marc:subfield code="a">347 Seiten</marc:subfield>
   </marc:datafield>
</marc:record>
